书目信息 |
| 题名: |
电介质物理学
|
|
| 作者: | 科埃略 , Coelho 著 ;吕景楼 , 李守义 译 | |
| 分册: | ||
| 出版信息: | 北京 科学出版社 1984 |
|
| 页数: | 183页 | |
| 开本: | 19cm | |
| 丛书名: | ||
| 单 册: | ||
| 中图分类: | O482.4 | |
| 科图分类: | ||
| 主题词: | 固体物理学 | |
| 电子资源: | ||
| ISBN: | ||
| 000 | 00817nam0 2200289 45 | |
| 001 | 0184002366 | |
| 005 | 20040518082602.9 | |
| 010 | @dCNY0.96 | |
| 091 | @a13031.2483 | |
| 100 | @a19950615d1984 em y0chiy0121 ea | |
| 101 | 1 | @achi@cfre |
| 102 | @aCN@b110000 | |
| 105 | @ay z 000yy | |
| 106 | @ar | |
| 200 | 10 | @a电介质物理学@e工科用@EGong Ke Yong@ADian Jie Zhi Wu Li Xue@f(法)科埃略(R.Coelho)著@g吕景楼,李守义译 |
| 210 | @a北京@c科学出版社@d1984 | |
| 215 | @a183页@d19cm | |
| 517 | @a工科用@AGong Ke Yong | |
| 606 | 0 | @a固体物理学 |
| 690 | @aO482.4 | |
| 701 | 1 | @a科埃略@Ake ai lue@bR.@4著 |
| 701 | A1 | @aCoelho@bR.@4著 |
| 702 | 0 | @a吕景楼@Alu jing lou@4译 |
| 702 | 0 | @a李守义@Ali shou yi@4译 |
| 801 | 0 | @aCN@b上海图书馆@c20040518 |
| 801 | 2 | @aCN@bNLC@c20040518 |
| 905 | @f1@b101370@dO482.4@e16 | |
| 电介质物理学:工科用/(法)科埃略(R.Coelho)著/吕景楼,李守义译.-北京:科学出版社,1984 |
| 183页;19cm |
| ISBN :CNY0.96 |
| ● |
| 相关链接 |
|
|
|
|
正题名:电介质物理学
索取号:O482.4/16
 
预约/预借
| 序号 | 登录号 | 条形码 | 馆藏地/架位号 | 状态 | 备注 |
| 1 | 0101370 | 001452948 | 第三借阅区/ [索取号:O482.4/16] | 在馆 | |
| 2 | 0101371 | 001931814 | 第三借阅区/ [索取号:O482.4/16] | 在馆 | |
| 3 | 0101372 | 001452939 | 第二样本阅览室/ [索取号:O482.4/16] | 在馆 |